000 00341pab a2200145 454500
008 180718b1984 xxu||||| |||| 00| 0 eng d
100 _aJohannes, John R.
245 _aCongress, the bureaucracy, and casework
260 _c1984
300 _a41-69
362 _aMay
650 _aLegislators
773 _aAdministration
909 _a12542
999 _c12542
_d12542